LEADER 01151nam 2200337 a 450 001 9910702825903321 005 20090630075851.0 035 $a(CKB)4970000000027693 035 $a(OCoLC)419254917 035 $a(EXLCZ)994970000000027693 100 $a20090630d2009 ua 0 101 0 $aeng 135 $aurmn||||||||| 181 $ctxt$2rdacontent 182 $cc$2rdamedia 183 $acr$2rdacarrier 200 10$aExport promotion$b[electronic resource] $estates' export promotion agency survey (GAO-09-148SP), an e-supplement to GAO-09-144 210 1$a[Washington, D.C.] :$cU.S. Govt. Accountability Office,$d[2009] 215 $aii, 23 pages $cdigital, PDF file 300 $aTitle from title screen (viewed on June 25, 2009). 300 $a"March 4, 2009"--List of GAO reports. 300 $a"GAO-09-148SP." 517 $aExport Promotion 606 $aForeign trade promotion$zUnited States$xStates$vExaminations, questions, etc 615 0$aForeign trade promotion$xStates 801 0$bGPO 801 1$bGPO 906 $aDOCUMENT 912 $a9910702825903321 996 $aExport promotion$92819295 997 $aUNINA LEADER 01101nam0 22002891i 450 001 UON00328788 005 20231205104211.786 010 $a05-7110-295-6 100 $a20090805d1973 |0itac50 ba 101 $aeng 102 $aGB 105 $a|||| 1|||| 200 1 $aForewords and afterwords$fW.H. Auden$gselected by Edward Mendelson 210 $aLondon$cFaber and Faber$d1973 215 $axi, 529 p.$d23 cm. 606 $aLETTERATURA INGLESE$xSec. 18.$xStudi$3UONC065602$2FI 620 $aGB$dLondon$3UONL003044 676 $a820.91$cLetteratura inglese e in antico inglese. Sec. 20.$v21 700 1$aAUDEN$bW.H.$3UONV113183$0470427 702 1$aMENDELSON$bEdward$3UONV187258 712 $aFaber and Faber$3UONV246465$4650 801 $aIT$bSOL$c20240220$gRICA 899 $aSIBA - SISTEMA BIBLIOTECARIO DI ATENEO$2UONSI 912 $aUON00328788 950 $aSIBA - SISTEMA BIBLIOTECARIO DI ATENEO$dSI Angl VI A AUD 13 $eSI SI 7591 5 13 996 $aForewords and afterwords$91368310 997 $aUNIOR